000 01324cam a22003617a 4500
003 CHAP
005 20220329142345.0
008 080126d2004 es a r 00110 esp d
010 _a82314
011 _a83286
035 _a93797
040 _cCHAP
082 0 4 _a352.072
_bB7
100 0 0 _aBriz Escribano, Julián
_eed.
_915463
245 1 0 _aNaturación urbana :
_bcubiertas ecológicas y mejora medioambiental
_c/ed. por Julián Briz Escribano
250 _a2 ed.
260 _aMadrid :
_bMundi-Prensa,
_c2004
300 _a396 p. :
_bilus. ; cuadros
590 _aBATCH-UPD
_b10
_c20130110
_lUCH01
_h1846
590 _aBATCH-UPD
_b10
_c20130410
_lUCH01
_h1216
590 _aBATCH-UPD
_b10
_c20130914
_lUCH01
_h1244
590 _aCONVERSION
_b10
_c20130109
_lUCH01
_h1346
650 1 4 _aEducación ambiental.
_935556
650 1 4 _aMedio ambiente.
_974065
650 1 4 _aUrbanismo.
_9116824
901 _aBK
905 _aPatricia
942 _cLIBRO
949 _a352.072 B7
_bBC
_cLIBRO
_d33724000787602
_eLIBRO
_fc.2
_g207158
_h98714
_i93797
_si
_t$284.75
949 _a352.072 B7
_bBC
_cLIBRO
_d33724000791992
_eLIBRO
_h98667
_i93797
_si
949 _a352.072 B7
_bBC
_cLIBRO
_d33724000814844
_eLIBRO
_fc.3
_g210695
_h99780
_i93797
_si
_t$284.00
949 _a352.072 B7
_bBC
_cLIBRO
_d33724002047256
_eLIBRO
_fc.4
_gI.c/e
_h108865
_i93797
_si
_t$503.00
999 _c82314
_d82314